| 000 | 00643nam a2200205Ia 4500 | ||
|---|---|---|---|
| 001 | 60600 | ||
| 008 | 080101n2016 ii |||gr||||Z||||||465 | ||
| 020 | _a978-81-863-7-98-4 | ||
| 041 | _a465 | ||
| 082 | _a294.54 | ||
| 100 |
_aNath,D., _eAuthor. |
||
| 245 | 0 |
_aReligious Tradition And Social Practices In Assam : _bPopular Religion,Budhist Tradition and Writing Culture / _cD.Nath . _hTextual Documents |
|
| 250 | _aIst ed. | ||
| 260 |
_aGauhati _bDVS Publishers _c2016 |
||
| 300 |
_a271pg: _c23cm. |
||
| 653 | _aReligion | ||
| 653 | _aPopular Religion,Budhist Tradition and Writing Culture / | ||
| 653 | _aRef-NE Section | ||
| 942 |
_2ddc _cBK |
||
| 999 |
_c61730 _d61730 |
||